| 000 | 01200nam a2200313 i 4500 | ||
|---|---|---|---|
| 003 | DO-SdBNP | ||
| 005 | 20250729105308.0 | ||
| 007 | ta | ||
| 008 | 250331b1988 dr a|||| |||| 00| 0 spa d | ||
| 040 |
_aDO-SdBNP _bspa _cBNPHU _erda |
||
| 041 | _aspa | ||
| 082 | 4 |
_aRD863.4 _bC422c 1988 _222 |
|
| 100 | 1 |
_aCestero, Tulio M., _d1877-1955 _eautor _q(Tulio Manuel), _4aut. _91698 |
|
| 245 | 1 | 0 |
_aCiudad romántica. Sangre solar : _bescenas de Santo Domingo de Guzmán, la Primada / _cTulio M. Cestero. |
| 250 | _aCuarta edición | ||
| 264 | 1 |
_aSanto Domingo : _bEditora Universitaria - UASD, _c1988. |
|
| 300 |
_a131 páginas ; _c18 cm. |
||
| 336 |
_atexto _btxt _2rdacontent |
||
| 337 |
_asin mediación _bn _2rdamedia |
||
| 338 |
_avolumen _bnc _2rdacarrier |
||
| 490 | 1 | _aPublicaciones de la Universidad Autónoma de Santo Domingo | |
| 490 | 1 |
_aColección Arte y Sociedad _v8 |
|
| 500 | _aIncluye datos biográficos del autor en la contracubierta | ||
| 590 | _aInventariado, 2025/BT | ||
| 650 | 4 |
_aNovela dominicana _9223 |
|
| 650 | 4 |
_aLiteratura dominicana. _967 |
|
| 830 | 0 |
_aPublicaciones de la Universidad Autónoma de Santo Domingo _n264 _pColección Arte y Sociedad _n8 _987288 |
|
| 942 |
_2ddc _cLBS1 |
||
| 999 |
_c58532 _d58532 |
||